Comunicación y redes de computadores / William Stallings (Registro nro. 15945)

Detalles MARC
000 -LÍDER
fixed length control field 00486nam a2200157 4500
008 - ELEMENTOS DE LONGITUD FIJA -- INFORMACIÓN GENERAL
fixed length control field 0 1997 0a 000 0MEX
020 ## - NÚMERO INTERNACIONAL NORMALIZADO PARA LIBROS
ISBN 84-89660-01-8
050 ## - SIGNATURA TOPOGRAFICA DE LA BIBLIOTECA DEL CONGRESO (LC)
Número de Clasificación TK5103 S73 1997
082 ## - NUMERO DE CLASIFICACION DECIMAL DEWEY
Número de Clasificación 001.644.04 S782c
100 ## - ASIENTO PRINCIPAL--NOMBRE PERSONAL
Nombre personal Stallings, William
245 ## - TÍTULO
Título Comunicación y redes de computadores / William Stallings
250 ## - MENCIÓN DE EDICIÓN
Mención de edición 5
260 ## - PUBLICACIÓN, DISTRIBUCIÓN, ETC. (PIE DE IMPRENTA)
Lugar de publicación, distribución, etc. Madrid, España : Prentice Hall
300 ## - DESCRIPCIÓN FÍSICA
Extensión xvi, 792 p. / 27 cm.
650 ## - ASIENTO SECUNDARIO DE MATERIA - TERMINO TEMÁTICO
Término temático o nombre geográfico como elemento de entrada 1.COMUNICACION Y REDES \ 2.REDES DE COMPUTADORAS
Existencias
No. biblioteca No. biblioteca Número de clasificación Código de barras/Número de adquisición Número de copia Tipo de material
LUIS G. INCLAN LUIS G. INCLAN 001.644.04 S782c 32488 1 Libros
LUIS G. INCLAN LUIS G. INCLAN 001.644.04 S782c 32489 2 Libros
LUIS G. INCLAN LUIS G. INCLAN 001.644.04 S782c 34309 3 Libros
LUIS G. INCLAN LUIS G. INCLAN 001.644.04 S782c 34310 4 Libros
LUIS G. INCLAN LUIS G. INCLAN 001.644.04 S782c 34628 5 Libros
LUIS G. INCLAN LUIS G. INCLAN 001.644.04 S782c 35343 6 Libros
LUIS G. INCLAN LUIS G. INCLAN 001.644.04 S782c 35344 7 Libros
Calzada Tecnológico # 27, Zacatepec, Morelos.
01(734) 343-07-23 / 343-21-10 / 343-21-11
Apdo. Postal 45 C.P 62780